000 01155nam a2200229 a 4500
001 000043739
005 20201002044938.0
008 140409s2014 dr 000 0 spa d
020 _a9789945080278
040 _aDO-SdBNP
_bspa
_cBNPHU
082 _axxxx
_bxxxx
100 1 _aConcepción Acosta, Franklin E.
_971563
245 1 3 _aEl Precedente Constitucional en la República Dominicana :
_bcompilación de las sentencias del tribunal constitucional dominicano y precedentes comentados /
_cFranklin E. Concepción Acosta ; prólogo Francisco Antonio Ortega Polanco ; presentación Julio José Rojas Báez ; edición Jennifer Sepúlveda Molina.
260 _aSanto Domingo :
_bCENDUD,
_bSoto Castillo,
_c2014.
300 _a461 p. ;
_c23 cm.
500 _aIncluye referencias bibliográficas y notas al pie de las páginas
500 _aIncluye datos biográficos del autor en las solapas
504 _aBibliografía : p. 455-461
700 1 2 _aSepúlveda Molina, Jennifer
_eed.
_971564
700 1 2 _aOrtega Polanco, Francisco Antonio
_epról.
_971565
710 2 2 _aCentro de Documentación e Información Judicial Dominicano (República Dominicana)
_971566
999 _c43228
_d43228